2025 MLB Draft First Round Picks - Statistics

General Stats
  • This quiz has been taken 68 times
  • The average score is 11 of 30
Answer Stats
Team Position School Answer % Correct
COL SS Stillwater HS Ethan Holliday
89%
WSH SS Fort Cobb HS Eli Willits
84%
SEA SP LSU Kade Anderson
76%
PIT SP Corona HS Seth Hernandez
65%
MIA SS Oregon State Aiva Arquette
53%
OAK SP Florida State Jamie Arnold
49%
STL SP Tennessee Liam Doyle
49%
LAA SP UCSB Tyler Bremner
49%
CWS SS Corona HS Billy Carlson
40%
BOS SP Oklahoma Kyson Witherspoon
40%
TOR SS Purvis HS JoJo Parker
38%
BAL C Auburn Ike Irish
35%
CIN SS Hewitt Trusville HS Steele Hall
35%
PHI SP Arkansas Gage Wood
33%
SFG SS Tennessee Gavin Kilen
29%
CLE OF Texas A&M Jace LaViolette
29%
MIL 1B Tennessee Andrew Fischer
27%
CHC OF Wake Forest Ethan Conrad
27%
MIN SS Wake Forest Marek Houston
27%
SDP SP Sunset HS Kruz Schoolcraft
25%
TEX SS Great Oak HS Gavin Fien
24%
KCR OF IMG Academy Sean Gamble
24%
ARI SS Lady Bird Johnson HS Kayson Cunningham
22%
ATL SS Basic HS Tate Southisene
22%
LAD SP Arkansas Zach Root
22%
TBR SS Mill Creek HS Daniel Pierce
20%
NYM IF Michigan Mitch Voit
20%
HOU SS Mt Vernon HS Xavier Neyens
20%
NYY SS Newman HS Dax Kilby
13%
DET SS Sickles HS Jordan Yost
13%
No matching quizzes found
Score Distribution
Percent of People with Each Score
Percentile by Number Answered
Your Score History
You have not taken this quiz